00345pam a2200145a 44500008004100000020000900041041000800050082001100058100003800069245001700107250000600124260005200130300000800182650000900190230515b1999 xxu||||| |||| 00| 0 eng d aNULL aENG a610.73 aErica koch williams & s c Bushong aPatient care a0 aNULLb"Mc Graws hill books company, nd, "c1999 a147 aN.D.